Návrh mikrobiálnej výroby biosurfaktanov
Gespeichert in:
| 1. Verfasser: | |
|---|---|
| Weitere Verfasser: | |
| Format: | Manuskript Buch |
| Sprache: | Slowakisch |
| Veröffentlicht: |
2022
|
| Schlagworte: | |
| Online-Zugang: | http://is.stuba.sk/zp/portal_zp.pl?podrobnosti=156462 |
| Tags: |
Keine Tags, Fügen Sie das erste Tag hinzu!
|
MARC
| LEADER | 00000ntm a22000003a 4500 | ||
|---|---|---|---|
| 001 | stuzp89713 | ||
| 003 | SK-STU | ||
| 005 | 20220625211500.6 | ||
| 007 | ta | ||
| 008 | 150427s2015----xo-----f-mn---000-0-slo-d | ||
| 040 | |a STU |b slo | ||
| 041 | 0 | |a slo | |
| 100 | 1 | |a Kuzma, Samuel |u 046230 |4 aut |U FCHPT Ústav chemického a environmentálneho inžinierstva |T FCHPT Oddelenie chemického a biochemického inžinierstva |X 104304 |U C6230 |Y 119 |7 104304 | |
| 242 | 0 | 1 | |a Design of microbial production of biosurfactans |y eng |
| 245 | 1 | 0 | |a Návrh mikrobiálnej výroby biosurfaktanov |
| 260 | |c 2022 | ||
| 650 | 4 | |a Starmerella bombicola |2 slo | |
| 650 | 4 | |a biosurfaktanty |2 slo | |
| 650 | 4 | |a soforolipidy |2 slo | |
| 650 | 4 | |a kultivácia |2 slo | |
| 650 | 4 | |a biosurfactants |2 eng | |
| 650 | 4 | |a sophorolipids |2 eng | |
| 650 | 4 | |a cultivation |2 eng | |
| 650 | 4 | |a Starmerella bombicola |2 eng | |
| 700 | 1 | |a Antošová, Monika |u 046230 |k Z1 |4 ths |U FCHPT Ústav chemického a environmentálneho inžinierstva |T FCHPT Oddelenie chemického a biochemického inžinierstva |X 3930 |U C6230 |Y 119 |7 A000003930 | |
| 856 | 4 | |u http://is.stuba.sk/zp/portal_zp.pl?podrobnosti=156462 | |